Guía Académica de Pregrado 1983

Gorde:
Xehetasun bibliografikoak
Erakunde egilea: Universidad Católica de Valparaíso (Egilea)
Formatua: Liburua
Hizkuntza:gaztelania
Argitaratua: Valparaíso Ediciones Universitarias de Valparaíso 1983
Edizioa:1a. ed
Gaiak:
Etiketak: Etiketa erantsi
Etiketarik gabe, Izan zaitez lehena erregistro honi etiketa jartzen!

MARC

LEADER 00000nam a2200000 a 4500
001 UCJ7740
003 CL-VaPUC
008 070124e19830000CL |||||||||||||||||spa|d
082 0 4 |a 378  |b UNI  |2 21 
110 2 |a Universidad Católica de Valparaíso  |e author  |9 516201 
245 1 0 |a Guía Académica de Pregrado 1983 
250 |a 1a. ed 
300 |a 98 p 
942 |c BK 
945 |d 20070124 00:00:00  |a rinostro 
260 |a Valparaíso  |b Ediciones Universitarias de Valparaíso  |c 1983 
650 0 |a Universidades chilenas  |9 407335 
650 0 |a Archivo histórico PUCV  |9 255554 
650 7 |a HISTORIA UCV  |2 CL-VaPUC  |9 516202 
583 |a last modification  |c 20070124 00:00:00  |k Rodrigo Vera 
999 |c 323697  |d 323695 
952 |0 0  |1 0  |4 0  |6 378_000000000000000_UNI_1983  |7 0  |8 X  |9 403471  |a FDOBUD  |b FDOBUD  |d 2019-11-22  |i 1068172  |o 378 UNI 1983  |p 1068172  |r 2019-11-22  |w 2019-11-22  |y BK_X  |k FHP